Léčivé rostliny a srdce : recepty, návody, odvary a tinktury /

Hlavní autor: Storl, Wolf-Dieter, 1942-
Další autoři: Rykrová, Diana, 1993-
Jazyk: Čeština
Vydáno: Olomouc : Fontána, [2019]
Vydání: Vydání první
Témata:
Fyzický popis: 333 stran : ilustrace (převážně barevné) ; 21 cm
Knihy
Uloženo v:
LEADER 02150nam a2200553 i 4500
001 nkc20193161827
003 CZ PrNK
005 20200120111907.0
007 ta
008 191127t20192019xr a e f 001 0 cze
015 |a cnb003161827 
020 |a 978-80-7336-988-0  |q (brožováno) 
035 |a (OCoLC)1135593900 
040 |a ABA001  |b cze  |e rda 
041 1 |a cze  |h ger 
072 7 |a 615.8  |x Fyzioterapie. Psychoterapie. Alternativní lékařství  |2 Konspekt  |9 14 
080 |a 633.88  |2 MRF 
080 |a 615.83+615.89  |2 MRF 
080 |a 615.89:633.88  |2 MRF 
080 |a 616.12  |2 MRF 
080 |a (035)  |2 MRF 
100 1 |a Storl, Wolf-Dieter,  |d 1942-  |7 jn20010310172  |4 aut 
240 1 0 |a Herz und seine heilenden Pflanzen.  |l Česky 
245 1 0 |a Léčivé rostliny a srdce :  |b recepty, návody, odvary a tinktury /  |c Wolf-Dieter Storl ; z třetího vydání německého originálu Das Herz und seine heilenden Pflanzen ... přeložila Diana Rykrová 
250 |a Vydání první 
264 1 |a Olomouc :  |b Fontána,  |c [2019] 
264 4 |c ©2019 
300 |a 333 stran :  |b ilustrace (převážně barevné) ;  |c 21 cm 
336 |a text  |b txt  |2 rdacontent 
337 |a bez média  |b n  |2 rdamedia 
338 |a svazek  |b nc  |2 rdacarrier 
504 |a Obsahuje bibliografii, bibliografické odkazy a rejstřík 
650 0 7 |a léčivé rostliny  |7 ph115198  |2 czenas 
650 0 7 |a přírodní léčitelství  |7 ph135495  |2 czenas 
650 0 7 |a fytoterapie  |7 ph120421  |2 czenas 
650 0 7 |a nemoci srdce  |7 ph123216  |2 czenas 
650 0 9 |a medicinal plants  |2 eczenas 
650 0 9 |a natural healing  |2 eczenas 
650 0 9 |a phytotherapy  |2 eczenas 
650 0 9 |a heart diseases  |2 eczenas 
655 7 |a příručky  |7 fd133209  |2 czenas 
655 9 |a handbooks and manuals  |2 eczenas 
700 1 |a Rykrová, Diana,  |d 1993-  |7 ola2018977788  |4 trl 
910 2 |a BOA001  |b 2-1438.627 
990 |a BK 
995 |a 01 
991 |b 201912  |c NOV 
996 6 |b 2610808472  |c 2-1438.627  |l MZK  |r Sklad / do 1 hodiny  |n 0  |p p.v.  |w 001770660  |u 000010  |a 1  |e BOA001  |j MZK50  |s P 
996 7 |b 2610809038  |c 2-1438.627  |l Vol.výběr  |r VV 1p  |n 6  |p kup  |h 615.8:633.8 STO  |w 001770660  |u 000020  |a 0  |e BOA001  |j MZK50  |s A